Score 0/12 Timer 10:00
0 Plays Today
Description Answer % Correct
Permanent point of a known elevationbenchmark
69.2%
line on earths surface joining the North and South polesmeridian
69.2%
Known or calculated vertical height of a pointelevation
65.4%
Rod reading taken at a point of known elevationsbacksight
42.3%
Rod reading taken at a point to determine its elevationforesight
42.3%
Made of brass, transfers tape to ground to maintain horizontal aligmentplumb bob
38.5%
Temporary point used to transfer elevationsturning point
34.6%
Elevation of line of sightheight of instrument
26.9%
66'1 chain
26.9%
The procedure determining differences in elevation points that are remotelevelling
23.1%
Direction of a line by acute angle between line and meridianbearings
23.1%
Proposed property lines and cornerslayout
15.4%
Remove Ads.
Support Sporcle.
Get the best of Sporcle when you Go Orange. This ad-free experience offers more features, more stats, and more fun while also helping to support Sporcle. Thank you for becoming a member.

You're not logged in!

Compare scores with friends on all Sporcle quizzes.
OR
Log In

Show Comments

Extras

Created Nov 2, 2010ReportNominate
Tags:Survey Test

Top Quizzes Today


Score Distribution

Your Account Isn't Verified!

In order to create a playlist on Sporcle, you need to verify the email address you used during registration. Go to your Sporcle Settings to finish the process.

Report this User

Report this user for behavior that violates our Community Guidelines.

Details: